00677nam a22001937a 450000500170000000800410001701000150005802000260007303500130009903700130011204000130012508200120013810000180015024501460016826000490031427000460036330000240040950000500043320110215120010.0110215t xxu||||| |||| 00| 0 eng d aENG-102007 a9788184502619c800.00 aEN-85540 bDBAD/PUB adplbEng a294.548 aBhatia, K. L. aConcept of dharma :bcorpus juris of law and morality : a comparative study of legal cosmology /cby K. L. Bhatia ; foreworded by R.C. Lahoti aNew Delhi bDeep and Deep Publicationsc2010 aF-159, Rajouri GardenbNew Delhi e110027 axx,191p.c23cm (Hb) aIncludes bibliographical references and index